|
|
|
|
| LEADER |
00000nab a2200000 a 4500 |
| 001 |
vtls000781800 |
| 003 |
SK-MaSNL |
| 005 |
20260304112353.0 |
| 008 |
250429c2001 xo 0 slo |
| 015 |
|
|
|a SNBRB2002/02-04155
|
| 035 |
|
|
|a CLN000133526
|
| 035 |
|
|
|a urn:nbn:sk:snk-abbuzt
|
| 035 |
|
|
|a (urnnbn)urn:nbn:sk:snk:ar-0058lk
|
| 035 |
|
|
|a (uuid)282ac0df-aec5-4baf-854f-f290205c3279
|
| 040 |
|
|
|a SNKBUCL
|b slo
|c SNKBUCL
|e AACR2
|
| 041 |
0 |
|
|a slo
|
| 044 |
|
|
|a xo
|c SK
|
| 080 |
|
|
|a 61-051
|2 1997
|
| 080 |
|
|
|a 615
|2 1997
|
| 080 |
|
|
|a 929 Behring, Emil von
|2 1997
|
| 245 |
0 |
0 |
|a Emil von Behring
|
| 300 |
|
|
|b Obr.
|
| 504 |
|
|
|a Bibliogr. odkazy
|
| 600 |
1 |
7 |
|a Behring, Emil von
|d 1854-1917
|2 snkbucl
|9 1414071
|
| 655 |
|
7 |
|a články z novín a časopisov
|2 snkbucl
|9 267496
|
| 773 |
0 |
|
|t Pharma journal
|g Roč. 11, č. 6 (2001), s. 142
|x 1335-0633
|
| 850 |
|
|
|a Slovenská národná knižnica
|
| 852 |
|
|
|a Slovenská národná knižnica
|
| 958 |
|
|
|a article15
|
| 958 |
|
|
|a OND
|
| 958 |
|
|
|a MI
|
| 958 |
|
|
|a BC
|
| 958 |
|
|
|a DE
|
| 992 |
|
|
|a RBX
|
| 999 |
|
|
|c 2865639
|d 2867569
|